Cahiers du cinéma

Salvato in:
Dettagli Bibliografici
Natura: Libro
Lingua:francese
Pubblicazione: París Editions de l'Etoile 1987
Soggetti:
Tags: Aggiungi Tag
Nessun Tag, puoi essere il primo ad aggiungerne!!

MARC

LEADER 00000nam a2200000 a 4500
001 UCW0164
003 CL-VaPUC
008 900405e19870000FR |||||||||||||||||fre|d
082 0 4 |a 791.437  |b CAH  |2 21 
245 1 0 |a Cahiers du cinéma 
300 |a 2 v 
942 |c BK 
945 |d 19900405 00:00:00 
260 |a París  |b Editions de l'Etoile  |c 1987 
500 |a v.1: Nº1 a 10 Avril 1951 - Mars 1952 
500 |a v.2: Nº11 a 20 Avril 1952 - Février 1953 
650 7 |a CINE SIGLO 20  |2 CL-VaPUC  |9 269239 
650 0 |a Crítica de cine   |9 267411 
583 |a last modification  |c 19900405 00:00:00  |k Rodrigo Vera 
999 |c 215398  |d 215396 
952 |0 0  |1 0  |4 0  |6 791_437000000000000_CAH_1987  |7 0  |8 F  |9 199667  |a BIBART  |b BIBART  |d 2019-11-14  |h v.1  |i 266920K  |o 791.437 CAH 1987  |p 266920K  |r 2025-03-13  |w 2019-11-14  |y BK_F  |k ART 
952 |0 0  |1 0  |4 0  |6 791_437000000000000_CAH_1987  |7 0  |8 F  |9 199668  |a BIBART  |b BIBART  |d 2019-11-14  |h v.2  |i 2669218  |o 791.437 CAH 1987  |p 2669218  |r 2025-03-13  |w 2019-11-14  |y BK_F  |k ART